000 00994nam0a22002411 4500
001 rc\2889454
005 20260406100204.0
035 _a(NLR Aleph) 007041811
090 _a6104892
_c6104893
100 _a20110724d1928 u y0rusy50 ca
101 0 _arus
102 _aRU
105 _ay z |||||
200 1 _aСказочные материалы Пинежья, собранные в 1927 г.
210 _a[Ленинград]
_cБ. и.
_d[1928]
215 _a41-48 с.
300 _aВ кн.: Сказочная комиссия в 1927 г. Обзор работ под ред. Председ. комиссии акад. С.Ф. Ольденбурга. Л. 1928 с. 41-48
700 1 _4212
_7ca
_8rus
_aНикифоров
_bА. И.
_cфилолог, этнограф, фольклорист
_f1893-1942
_gАлександр Исаакович
_3RU\NLR\AUTH\770288660
_92692862
801 0 _aRU
_bNLR
_gpsbo
801 1 _aRU
_bELAR
_2rusmarc
852 _aNLR
_jDesideratum
942 _cBOOK
980 _aNB